[Event "SV Letmathe 1 - SG Bochum 2"]
[Site "NRW-Klasse. Gruppe 2 2017/201"]
[Date "2018.04.29"]
[Round "9.6"]
[White "Haude, Ruediger"]
[Black "Tkachuk, Sergij"]
[Result "0-1"]
[WhiteElo "2042"]
[BlackElo "2178"]
[Annotator "Daniel"]
[PlyCount "62"]
[EventDate "2018.??.??"]
[WhiteTeam "SV Letmathe 1"]
[BlackTeam "SG Bochum 2"]

1. Nf3 Nf6 2. c4 g6 3. Nc3 Bg7 4. e4 d6 5. d4 O-O 6. Be2 e5 7. d5 Ne8 8. Qc2 f5
9. Bd3 Na6 10. Qe2 Nc5 11. Bc2 a5 12. Be3 b6 13. Bxc5 bxc5 14. O-O f4 15. Rfb1
g5 16. h3 h5 17. Nh2 g4 18. hxg4 hxg4 19. Nxg4 Qh4 20. f3 Bxg4 21. fxg4 Nf6 22.
Bd1 Kf7 23. Qf2 Qg5 24. Kf1 $11 Rh8 25. Bf3 Nxg4 26. Bxg4 Qxg4 27. Ne2 Bf6 28.
Ng1 Rag8 29. b3 Rh2 30. Rb2 Bh4 31. Qd2 f3 0-1

[Event "SV Letmathe 1 - SG Bochum 2"]
[Site "NRW-Klasse. Gruppe 2 2017/201"]
[Date "2018.04.29"]
[Round "9.7"]
[White "Mazarov, Juergen"]
[Black "Pfleger, Sascha"]
[Result "0-1"]
[WhiteElo "2055"]
[BlackElo "2039"]
[Annotator "Daniel"]
[PlyCount "65"]
[EventDate "2018.??.??"]
[WhiteTeam "SG Bochum 2"]
[BlackTeam "SV Letmathe 1"]

1. e4 e6 2. d4 d5 3. e5 c5 4. f4 f5 5. Nf3 cxd4 6. Nbd2 Ne7 7. Nb3 Nec6 8.
Nbxd4 Nxd4 9. Nxd4 a6 10. Be3 Be7 11. Be2 O-O 12. Qd2 Nc6 13. O-O-O Qa5 14.
Nxc6 Qxd2+ 15. Rxd2 bxc6 16. h3 Bb7 17. Rf1 $11 c5 18. Bf3 Rab8 19. c3 a5 20.
Kb1 Ba6 21. Rg1 Kh8 22. g4 fxg4 23. hxg4 d4 24. cxd4 cxd4 25. Bxd4 Rxf4 26. Ba7
Rbf8 27. Bd1 Bb4 28. Rh2 Bd3+ 29. Ka1 Rf1 30. Rhh1 R1f7 31. Be3 Be4 32. a3 Bxh1
33. axb4 0-1

[Event "SV Letmathe 1 - SG Bochum 2"]
[Site "NRW-Klasse. Gruppe 2 2017/201"]
[Date "2018.04.29"]
[Round "9.8"]
[White "Hunold, Rolf"]
[Black "Wuebker, Paul-Luca"]
[Result "1-0"]
[WhiteElo "1976"]
[BlackElo "2061"]
[PlyCount "105"]
[EventDate "2018.??.??"]
[WhiteTeam "SV Letmathe 1"]
[BlackTeam "SG Bochum 2"]

1. e4 c5 2. Nf3 d6 3. d4 cxd4 4. Nxd4 Nf6 5. Nc3 g6 6. Be3 Bg7 7. f3 O-O 8. Qd2
Nc6 9. O-O-O d5 10. exd5 Nxd5 11. Nxc6 bxc6 12. Bd4 e5 13. Bc5 Be6 14. Ne4 Re8
15. h4 Nf6 16. Qc3 Nxe4 17. fxe4 Bh6+ 18. Be3 Bxe3+ 19. Qxe3 Qa5 20. h5 Qxa2
21. hxg6 fxg6 22. Qc3 Rab8 23. b3 Qa3+ 24. Kd2 Qb4 25. Qxb4 Rxb4 26. Ke3 c5 27.
Rd6 Rb6 28. Rxe6 Rexe6 29. Bc4 Kg7 30. Bxe6 Rxe6 31. Rd1 c4 32. Rd7+ Kf6 33.
bxc4 Re7 34. Rd6+ Kg5 35. c5 Kg4 36. c6 Rc7 37. Kd3 Kf4 38. Rf6+ Kg5 39. Rd6
Kf4 40. Kc4 Kxe4 41. Kc5 Kf4 42. Rd7 Rc8 43. Rxh7 e4 44. Rxa7 Re8 45. c7 e3 46.
Kd6 e2 47. Ra1 Ra8 48. Rxa8 e1=Q 49. Rf8+ Kg5 50. c8=Q Qd2+ 51. Ke7 Qxg2 52.
Qc5+ Kh6 53. Rh8+ 1-0

[Event "SF Essen-Katernberg  2 - Godesberger SK"]
[Site "NRW-Klasse. Gruppe 2 2017/201"]
[Date "2018.04.29"]
[Round "9.1"]
[White "Grabowski, Pawel"]
[Black "Bee, Marcus"]
[Result "0-1"]
[WhiteElo "2180"]
[BlackElo "2134"]
[PlyCount "118"]
[EventDate "2018.??.??"]
[WhiteTeam "Godesberger SK 1"]
[BlackTeam "SF Essen-Katernberg  2"]

1. d4 d6 2. Nf3 Bg4 3. g3 Bxf3 4. exf3 c6 5. Bg2 e6 6. O-O d5 7. Qd3 Nd7 8. f4
g6 9. b3 Bg7 10. Bb2 Ne7 11. Nd2 O-O 12. Nf3 c5 13. Rac1 Nc6 14. a3 Qb6 15.
Rfd1 Rac8 16. Qe3 cxd4 17. Nxd4 Nxd4 18. Bxd4 Bxd4 19. Rxd4 Qc5 20. a4 Qc3 21.
Rd3 Qb2 22. c4 Nc5 23. Rdd1 d4 24. Qf3 Qxb3 25. Qxb3 Nxb3 26. Rb1 Nc5 27. Rxd4
b6 28. Rb4 Rb8 29. Rd6 Rfc8 30. Bf1 Kf8 31. Rb1 Ke7 32. Rd2 a5 33. Ra2 Rd8 34.
Kg2 Kd6 35. Kf3 Kc7 36. Ke3 Rd6 37. Be2 Rbd8 38. g4 Rd4 39. f3 f5 40. g5 e5 41.
fxe5 f4+ 42. Kf2 Re8 43. Rd1 Rxd1 44. Bxd1 Nd3+ 45. Kg2 Rxe5 46. h4 Re3 47. Rd2
Kc6 48. Be2 Nc5 49. Kf2 Nxa4 50. Rd4 Nc3 51. Bf1 a4 52. Rxf4 Nd1+ 53. Kg2 a3
54. Rf7 Re5 55. c5 Rxc5 56. Rf6+ Kd5 57. Rxb6 Ne3+ 58. Kf2 Ra5 59. Bh3 Kc5 0-1

[Event "SF Essen-Katernberg  2 - Godesberger SK"]
[Site "NRW-Klasse. Gruppe 2 2017/201"]
[Date "2018.04.29"]
[Round "9.2"]
[White "Gassmann, Volker"]
[Black "Koehler, Christian Friedrich"]
[Result "1/2-1/2"]
[WhiteElo "2153"]
[BlackElo "2249"]
[PlyCount "97"]
[EventDate "2018.??.??"]
[WhiteTeam "SF Essen-Katernberg  2"]
[BlackTeam "Godesberger SK 1"]

1. d4 d5 2. c4 c6 3. Nf3 Nf6 4. e3 Bg4 5. Nc3 e6 6. Bd2 Nbd7 7. cxd5 exd5 8. h3
Bh5 9. Be2 Bd6 10. a3 Ne4 11. Qb3 Nxd2 12. Nxd2 Bxe2 13. Nxe2 Qb6 14. O-O O-O
15. Rfd1 Qxb3 16. Nxb3 f5 17. Rd3 Nb6 18. Na5 Rf7 19. h4 g6 20. g3 h6 21. Kg2
Kg7 22. Rb3 g5 23. hxg5 hxg5 24. a4 Rb8 25. Kf3 Kg6 26. Kg2 Rc7 27. Rd3 Bb4 28.
Nb3 Nc4 29. Rb1 b5 30. axb5 Rxb5 31. Nbc1 Rcb7 32. b3 Nd2 33. Ra1 Ne4 34. f3
Nf6 35. Nc3 Ra5 36. Na4 g4 37. Ne2 gxf3+ 38. Kxf3 Ne4 39. Rc1 Ra6 40. Nf4+ Kf6
41. Rh1 Bf8 42. Rh8 Kg7 43. Rh2 Ng5+ 44. Kg2 Rxa4 45. bxa4 Rb2+ 46. Kh1 Rb1+
47. Kg2 Rb2+ 48. Kh1 Rb1+ 49. Kg2 1/2-1/2

[Event "SF Essen-Katernberg  2 - Godesberger SK"]
[Site "NRW-Klasse. Gruppe 2 2017/201"]
[Date "2018.04.29"]
[Round "9.3"]
[White "Wecker, Martin"]
[Black "Dette, Jan"]
[Result "1-0"]
[WhiteElo "2108"]
[BlackElo "2095"]
[Annotator "Daniel"]
[PlyCount "107"]
[EventDate "2018.??.??"]
[WhiteTeam "Godesberger SK 1"]
[BlackTeam "SF Essen-Katernberg  2"]

1. Nf3 e6 2. g3 f5 3. Bg2 Nf6 4. O-O d5 5. c4 Bd6 6. Nc3 O-O 7. d3 Nc6 8. Nb5
dxc4 9. dxc4 e5 10. Nxd6 $11 cxd6 11. b3 Qc7 12. Bb2 a5 13. Qd2 Ne4 14. Qe3 Nb4
15. Qc1 Be6 16. Ng5 Nxg5 17. Qxg5 Na6 18. Rfd1 Nc5 19. Qd2 Rad8 20. Rac1 Qb6
21. Ba3 f4 22. Rf1 Rf6 23. Rcd1 Rd7 24. Bd5 Bf7 25. b4 axb4 26. Bxb4 Ne6 27.
Rb1 Qd4 28. e3 Qxd2 29. Bxd2 Ng5 30. exf4 exf4 31. h4 Ne6 32. Rxb7 Rxb7 33.
Bxb7 fxg3 34. fxg3 Rxf1+ 35. Kxf1 Nc7 36. a4 Bxc4+ 37. Kf2 Kf7 38. Ba5 Na6 39.
Bc6 d5 40. Bc3 g6 41. Ke3 Ke6 42. Kd4 Bb3 43. Bd2 Nb8 44. Bb5 Nd7 45. Bf4 Bxa4
46. Bxa4 Nf6 47. Bb3 Nh5 48. Be5 Kf5 49. Bd1 Nf6 50. Bxf6 Kxf6 51. Kxd5 h5 52.
Ke4 g5 53. Bxh5 gxh4 54. g4 1-0

[Event "SF Essen-Katernberg  2 - Godesberger SK"]
[Site "NRW-Klasse. Gruppe 2 2017/201"]
[Date "2018.04.29"]
[Round "9.4"]
[White "Schimnatkowski, Lukas"]
[Black "Stenzel, Thomas"]
[Result "1/2-1/2"]
[WhiteElo "2077"]
[BlackElo "2119"]
[PlyCount "68"]
[EventDate "2018.??.??"]
[WhiteTeam "SF Essen-Katernberg  2"]
[BlackTeam "Godesberger SK 1"]

1. e4 e6 2. d3 d5 3. Nd2 Nf6 4. Ngf3 c5 5. g3 g6 6. Bg2 Bg7 7. O-O O-O 8. Re1
Nc6 9. c3 Re8 10. e5 Nd7 11. d4 f6 12. exf6 Qxf6 13. Nb3 c4 14. Bg5 Qf7 15.
Nbd2 Nf6 16. b3 cxb3 17. axb3 h6 18. Bf4 Bd7 19. Qc2 a6 20. Bf1 g5 21. Bd6 Bf8
22. Ne5 Nxe5 23. Bxe5 Ng4 24. f4 Nxe5 25. fxe5 Be7 26. Bd3 Rf8 27. Rf1 Qg7 28.
Rxf8+ Rxf8 29. Rf1 Rxf1+ 30. Nxf1 g4 31. Ne3 h5 32. Qf2 Qh6 33. Kf1 Be8 34. Ng2
Qc1+ 1/2-1/2

[Event "SF Essen-Katernberg  2 - Godesberger SK"]
[Site "NRW-Klasse. Gruppe 2 2017/201"]
[Date "2018.04.29"]
[Round "9.5"]
[White "Schulte-Geers, Niklas"]
[Black "Krueger, Erich"]
[Result "1-0"]
[WhiteElo "2114"]
[BlackElo "1984"]
[PlyCount "81"]
[EventDate "2018.??.??"]
[WhiteTeam "Godesberger SK 1"]
[BlackTeam "SF Essen-Katernberg  2"]

1. d4 Nf6 2. c4 g6 3. Nc3 Bg7 4. e4 d6 5. Nf3 O-O 6. h3 e5 7. d5 Na6 8. Be2 Nc5
9. Qc2 a5 10. g4 c6 11. Be3 cxd5 12. cxd5 Ne8 13. g5 Bd7 14. O-O-O Rc8 15. Nd2
b5 16. Nxb5 Nb3+ 17. axb3 Rxc2+ 18. Kxc2 f5 19. gxf6 Bxf6 20. Rdg1 Qb8 21. Nc3
Nc7 22. Nc4 Nb5 23. Nb6 Nd4+ 24. Bxd4 exd4 25. Nxd7 Qc7 26. Nxf8 Kxf8 27. Rg3
Qc5 28. Rf3 Kg7 29. Ra1 Bh4 30. Ra4 dxc3 31. Rc4 Qb6 32. bxc3 Qd8 33. e5 dxe5
34. d6 Bf6 35. Rc7+ Kh6 36. Rf7 Bg7 37. d7 e4 38. Re3 Qc7 39. Bb5 Qd6 40. Rxg7
Kxg7 41. Rxe4 1-0

[Event "SF Essen-Katernberg  2 - Godesberger SK"]
[Site "NRW-Klasse. Gruppe 2 2017/201"]
[Date "2018.04.29"]
[Round "9.6"]
[White "Neuer, Thomas"]
[Black "Kutzner, Stephen"]
[Result "1-0"]
[WhiteElo "2118"]
[BlackElo "2118"]
[PlyCount "103"]
[EventDate "2018.??.??"]
[WhiteTeam "SF Essen-Katernberg  2"]
[BlackTeam "Godesberger SK 1"]

1. Nf3 d5 2. g3 Nf6 3. Bg2 e6 4. c4 Be7 5. O-O O-O 6. d4 dxc4 7. Qa4 a6 8. Qxc4
b5 9. Qc2 Bb7 10. Bg5 Nbd7 11. Bxf6 Nxf6 12. Nbd2 Rc8 13. Nb3 Be4 14. Qc1 Qd5
15. Rd1 Qh5 16. Nc5 Bxf3 17. Bxf3 Ng4 18. Bxg4 Qxg4 19. f3 Qh3 20. Qe3 Bd6 21.
Ne4 f5 22. Nf2 Qh5 23. Nd3 Rf6 24. f4 Rh6 25. Qf2 g5 26. e3 Kh8 27. Rac1 Rg8
28. Rd2 Qg4 29. Ne5 Bxe5 30. dxe5 Rhg6 31. Rxc7 h5 32. Rdd7 R6g7 33. Rxg7 Rxg7
34. Rxg7 Kxg7 35. Qd2 Qf3 36. Qd7+ Kh8 37. Qd8+ Kh7 38. Qe7+ Kh8 39. Qd8+ Kh7
40. Qe7+ Kh8 41. Qxg5 Qd1+ 42. Kg2 Qd5+ 43. Kh3 Qxa2 44. Qd8+ Kh7 45. Kh4 Qxb2
46. Qe7+ Kg6 47. Qf6+ Kh7 48. Kg5 Qxh2 49. Qf7+ Kh8 50. Kh6 Qxg3 51. Qf8+ Qg8
52. Qf6+ 1-0

[Event "SF Essen-Katernberg  2 - Godesberger SK"]
[Site "NRW-Klasse. Gruppe 2 2017/201"]
[Date "2018.04.29"]
[Round "9.7"]
[White "Ivanov, Alexander"]
[Black "Nautsch, Werner"]
[Result "0-1"]
[WhiteElo "1959"]
[BlackElo "2019"]
[PlyCount "78"]
[EventDate "2018.??.??"]
[WhiteTeam "Godesberger SK 1"]
[BlackTeam "SF Essen-Katernberg  2"]

1. e4 e6 2. d4 d5 3. Nd2 Nf6 4. e5 Nfd7 5. f4 c5 6. c3 Nc6 7. Ndf3 Qb6 8. g3 a5
9. Bh3 cxd4 10. cxd4 Bb4+ 11. Kf1 O-O 12. Kg2 f5 13. Ne2 a4 14. g4 a3 15. b3
fxg4 16. Bxg4 Ne7 17. Rg1 Nf5 18. Ng3 g6 19. Bxf5 exf5 20. Kh1 Kh8 21. h4 Rg8
22. Be3 Nf8 23. Ng5 h6 24. Nh3 Be7 25. h5 g5 26. Qd3 Qe6 27. Rac1 Bd8 28. Rc2
Ra6 29. Rgc1 Rc6 30. Rxc6 bxc6 31. b4 Bd7 32. Qxa3 Qe7 33. fxg5 hxg5 34. Bxg5
Rxg5 35. Nxg5 Qxg5 36. Rg1 f4 37. Qf3 Bg4 38. Qf2 Qh4+ 39. Qh2 Bf3+ 0-1

[Event "SF Essen-Katernberg  2 - Godesberger SK"]
[Site "NRW-Klasse. Gruppe 2 2017/201"]
[Date "2018.04.29"]
[Round "9.8"]
[White "Rosen, Willy"]
[Black "Hemmann, Arnold"]
[Result "1/2-1/2"]
[WhiteElo "2054"]
[BlackElo "2080"]
[PlyCount "130"]
[EventDate "2018.??.??"]
[WhiteTeam "SF Essen-Katernberg  2"]
[BlackTeam "Godesberger SK 1"]

1. e4 c5 2. Nc3 a6 3. f4 e6 4. Nf3 b5 5. d3 Ne7 6. g3 Bb7 7. Bg2 d5 8. Qe2 d4
9. Nd1 Nbc6 10. O-O Ng8 11. g4 Qc7 12. c3 Nf6 13. g5 Nd7 14. cxd4 cxd4 15. Nf2
Be7 16. Bd2 h6 17. gxh6 gxh6 18. Rac1 Qb6 19. Kh1 O-O-O 20. Bh3 Kb8 21. Rg1
Rdg8 22. Rxg8+ Rxg8 23. Rg1 Rxg1+ 24. Nxg1 Qc5 25. f5 exf5 26. Bxf5 Nde5 27.
Bxh6 Bh4 28. Ng4 Ka7 29. Nxe5 Nxe5 30. Bf4 Bf6 31. Bxe5 Qxe5 32. Qh5 Qf4 33.
Qxf7 Be5 34. Qh5 Qf2 35. Bg6 Bf4 36. Qe2 Qh4 37. Nf3 Qh6 38. Bf5 Be3 39. Qg2
Qc6 40. Qe2 b4 41. h4 a5 42. h5 a4 43. Qd1 Kb8 44. Kg2 a3 45. bxa3 bxa3 46. Qb3
Qc1 47. Qg8+ Ka7 48. Qf7 Qc2+ 49. Kh3 Qxd3 50. Bc8 Qxe4 51. Qxb7+ Qxb7 52. Bxb7
Kxb7 53. Ne5 Bc1 54. Kg4 Kc7 55. Nf7 Kd7 56. h6 d3 57. Kf3 Ke6 58. h7 Bb2 59.
h8=Q Bxh8 60. Nxh8 Kf6 61. Ke3 Kg7 62. Kxd3 Kxh8 63. Kc3 Kg7 64. Kb3 Kf7 65.
Kxa3 Ke7 1/2-1/2

[Event "SC Rochade Emsdetten 1 - SF Brackel 1"]
[Site "NRW-Klasse. Gruppe 1 2017/201"]
[Date "2017.09.17"]
[Round "1.1"]
[White "Luft, Dennis"]
[Black "Kabatianski, Alexander"]
[Result "1-0"]
[WhiteElo "2245"]
[BlackElo "2307"]
[PlyCount "87"]
[EventDate "2017.??.??"]
[WhiteTeam "SF Brackel 1"]
[BlackTeam "SC Rochade Emsdetten 1"]

1. e4 c5 2. Nc3 Nc6 3. g3 g6 4. Bg2 Bg7 5. d3 d6 6. Nge2 Rb8 7. Be3 Nd4 8. Qd2
Bg4 9. Ng1 b5 10. h3 Bd7 11. Nd1 b4 12. c3 bxc3 13. bxc3 Nc6 14. Ne2 e5 15. O-O
Nge7 16. Bh6 O-O 17. Bxg7 Kxg7 18. Ne3 f6 19. d4 Na5 20. dxc5 dxc5 21. c4 Nac6
22. Qd6 Nd4 23. Nxd4 cxd4 24. Nd5 Nc6 25. Rab1 Be8 26. Qa3 Rf7 27. Rb3 Rxb3 28.
axb3 a5 29. f4 Qb8 30. g4 exf4 31. Rxf4 Qe5 32. Qc1 Bd7 33. Qd2 Qb8 34. Qf2 Qe5
35. Qf1 Nb4 36. Rf2 Bc6 37. Nf4 Bxe4 38. Bxe4 Qxe4 39. Re2 Qa8 40. Qe1 d3 41.
Re8 Qa7+ 42. Kf1 g5 43. Nh5+ Kh6 44. Ng3 1-0

[Event "SC Rochade Emsdetten 1 - SF Brackel 1"]
[Site "NRW-Klasse. Gruppe 1 2017/201"]
[Date "2017.09.17"]
[Round "1.2"]
[White "Hiller, Simon"]
[Black "Fluechter, Gregor"]
[Result "1/2-1/2"]
[WhiteElo "2113"]
[BlackElo "2144"]
[PlyCount "51"]
[EventDate "2017.??.??"]
[WhiteTeam "SC Rochade Emsdetten 1"]
[BlackTeam "SF Brackel 1"]

1. e4 c5 2. Nf3 Nc6 3. d4 cxd4 4. Nxd4 e5 5. Nb5 a6 6. Nd6+ Bxd6 7. Qxd6 Qe7 8.
Qd1 Nf6 9. Nc3 d6 10. Bg5 Be6 11. Nd5 Bxd5 12. exd5 Nb8 13. Be2 O-O 14. O-O
Nbd7 15. c4 Rfb8 16. b4 a5 17. a3 axb4 18. axb4 Rxa1 19. Qxa1 b5 20. Qa5 bxc4
21. Bxc4 Qd8 22. Qxd8+ Rxd8 23. Ra1 Rc8 24. Bb3 Rb8 25. Bd2 Kf8 26. Kf1 1/2-1/2

[Event "SC Rochade Emsdetten 1 - SF Brackel 1"]
[Site "NRW-Klasse. Gruppe 1 2017/201"]
[Date "2017.09.17"]
[Round "1.3"]
[White "Kartsev, Soel"]
[Black "Lehmann, Holger"]
[Result "1-0"]
[WhiteElo "2164"]
[BlackElo "2168"]
[PlyCount "65"]
[EventDate "2017.??.??"]
[WhiteTeam "SF Brackel 1"]
[BlackTeam "SC Rochade Emsdetten 1"]

1. e4 c5 2. c3 d5 3. exd5 Qxd5 4. Nf3 Nf6 5. d4 g6 6. Na3 cxd4 7. Bc4 Qd8 8.
Qb3 e6 9. Nxd4 Bg7 10. Bf4 O-O 11. O-O a6 12. Rad1 Qa5 13. Rfe1 b5 14. Bxe6
Bxe6 15. Nxe6 fxe6 16. Qxe6+ Kh8 17. Bd6 Rg8 18. Be7 Re8 19. Qxf6 Bxf6 20.
Bxf6+ Kg8 21. Rxe8+ Kf7 22. Bd8 Qa4 23. Re7+ Kf8 24. Rd4 b4 25. cxb4 Nc6 26.
Rf4+ Kg8 27. Re8+ Kg7 28. Bf6+ Kf7 29. Re1 Kg8 30. Bc3 Rd8 31. g3 Rd1 32. Kf1
Ne7 33. b5 1-0

[Event "SC Rochade Emsdetten 1 - SF Brackel 1"]
[Site "NRW-Klasse. Gruppe 1 2017/201"]
[Date "2017.09.17"]
[Round "1.4"]
[White "Paalman, Henk-Jan"]
[Black "Kartsev, Alexander"]
[Result "1/2-1/2"]
[WhiteElo "2123"]
[BlackElo "2158"]
[PlyCount "33"]
[EventDate "2017.??.??"]
[WhiteTeam "SC Rochade Emsdetten 1"]
[BlackTeam "SF Brackel 1"]

1. d4 d5 2. c4 c6 3. Nf3 Nf6 4. cxd5 cxd5 5. Bf4 Nc6 6. e3 e6 7. a3 Bd6 8. Bxd6
Qxd6 9. Nc3 O-O 10. Bd3 a6 11. O-O e5 12. dxe5 Nxe5 13. Nxe5 Qxe5 14. Be2 Be6
15. Bf3 Ne4 16. Bxe4 dxe4 17. Qa4 1/2-1/2

[Event "SC Rochade Emsdetten 1 - SF Brackel 1"]
[Site "NRW-Klasse. Gruppe 1 2017/201"]
[Date "2017.09.17"]
[Round "1.5"]
[White "Goldschmidt, Christian"]
[Black "Mueller, Achim"]
[Result "1-0"]
[WhiteElo "2131"]
[BlackElo "2002"]
[PlyCount "47"]
[EventDate "2017.??.??"]
[WhiteTeam "SF Brackel 1"]
[BlackTeam "SC Rochade Emsdetten 1"]

1. e4 c5 2. d4 cxd4 3. c3 dxc3 4. Nxc3 Nc6 5. Nf3 d6 6. Bc4 a6 7. O-O Nf6 8.
Qe2 Bg4 9. Rd1 e6 10. Bf4 Nh5 11. Be3 Ne5 12. Bb3 b5 13. h3 Nxf3+ 14. gxf3 Bxh3
15. Nxb5 Qf6 16. Nc7+ Kd8 17. Kh2 Qh4 18. Qd2 h6 19. Qa5 Ke7 20. Kg1 Rd8 21.
Nxa6 g5 22. Nb4 Rc8 23. Bd4 Nf4 24. Qa7+ 1-0

[Event "SC Rochade Emsdetten 1 - SF Brackel 1"]
[Site "NRW-Klasse. Gruppe 1 2017/201"]
[Date "2017.09.17"]
[Round "1.6"]
[White "Lemli, Thomas"]
[Black "Boehm, Juergen"]
[Result "1/2-1/2"]
[WhiteElo "1976"]
[BlackElo "2163"]
[PlyCount "24"]
[EventDate "2017.??.??"]
[WhiteTeam "SC Rochade Emsdetten 1"]
[BlackTeam "SF Brackel 1"]

1. Nf3 d5 2. g3 Nf6 3. Bg2 Bf5 4. c4 e6 5. Qb3 Na6 6. Qxb7 Nb4 7. Na3 Rb8 8.
Qxa7 Ra8 9. Qb7 Rb8 10. Qa7 Ra8 11. Qb7 Rb8 12. Qa7 Ra8 1/2-1/2

[Event "SC Rochade Emsdetten 1 - SF Brackel 1"]
[Site "NRW-Klasse. Gruppe 1 2017/201"]
[Date "2017.09.17"]
[Round "1.7"]
[White "Korten, Lando"]
[Black "Ortmeier, Leonhard"]
[Result "0-1"]
[WhiteElo "2078"]
[BlackElo "2001"]
[PlyCount "76"]
[EventDate "2017.??.??"]
[WhiteTeam "SF Brackel 1"]
[BlackTeam "SC Rochade Emsdetten 1"]

1. d4 Nf6 2. c4 e6 3. Nc3 Bb4 4. e3 O-O 5. Nge2 Re8 6. a3 Bf8 7. Ng3 d5 8. Be2
b6 9. Bf3 Ba6 10. b3 c6 11. Be2 Nbd7 12. Qc2 dxc4 13. bxc4 c5 14. Qa4 Bb7 15.
O-O Qc8 16. Bb2 Bc6 17. Qc2 Qb7 18. f3 Rac8 19. Rac1 a6 20. a4 Qa7 21. Kh1 Ba8
22. Rfd1 cxd4 23. exd4 Qc7 24. Nge4 Qf4 25. g3 Qc7 26. Kg2 Nxe4 27. fxe4 f5 28.
Bd3 Bb4 29. Na2 Be7 30. Kg1 Bg5 31. exf5 Qc6 32. d5 exd5 33. cxd5 Be3+ 34. Kf1
Qh6 35. Qxc8 Qh3+ 36. Ke1 Bd2+ 37. Kf2 Qxh2+ 38. Kf1 Qh1+ 0-1

[Event "SC Rochade Emsdetten 1 - SF Brackel 1"]
[Site "NRW-Klasse. Gruppe 1 2017/201"]
[Date "2017.09.17"]
[Round "1.8"]
[White "Delere, Adrian"]
[Black "Reisberg, Andre"]
[Result "0-1"]
[WhiteElo "1880"]
[BlackElo "2024"]
[PlyCount "73"]
[EventDate "2017.??.??"]
[WhiteTeam "SC Rochade Emsdetten 1"]
[BlackTeam "SF Brackel 1"]

1. e4 e6 2. d4 d5 3. Nc3 Nf6 4. e5 Nfd7 5. f4 c5 6. Nf3 Be7 7. Be3 b6 8. Qd2
Ba6 9. O-O-O Qc8 10. g4 h5 11. Bh3 hxg4 12. Bxg4 f5 13. exf6 Nxf6 14. Qg2 Nc6
15. Ng5 Nxg4 16. Qxg4 cxd4 17. Bxd4 Nxd4 18. Rxd4 e5 19. fxe5 Qxg4 20. Rxg4 Bc8
21. Rg3 Rh5 22. h4 Bb7 23. Nb5 Kd7 24. e6+ Kc6 25. Nd4+ Kc5 26. c3 Bf6 27. Nf7
a5 28. Rg4 b5 29. Kb1 a4 30. Nf3 Re8 31. Re1 Bc8 32. N3g5 Re7 33. Ne4+ dxe4 34.
Rexe4 Bxe6 35. b4+ axb3 36. axb3 Bf5 37. b4+ 0-1

[Event "Brühler SK 1 - SG Niederkassel 1"]
[Site "NRW-Klasse. Gruppe 1 2017/201"]
[Date "2017.09.17"]
[Round "1.1"]
[White "Grimm, Sascha"]
[Black "Loifenfeld, Jakov"]
[Result "0-1"]
[WhiteElo "2351"]
[BlackElo "2413"]
[PlyCount "38"]
[EventDate "2017.??.??"]
[WhiteTeam "SG Niederkassel 1"]
[BlackTeam "Brühler SK 1"]

1. Nf3 c5 2. c4 Nc6 3. g3 g6 4. Bg2 Bg7 5. Nc3 e6 6. d4 Nxd4 7. Nxd4 cxd4 8.
Ne4 Ne7 9. Nd6+ Kf8 10. O-O Qc7 11. Nxc8 Rxc8 12. b3 h5 13. Bb2 Nf5 14. Be4 h4
15. Bxf5 gxf5 16. Bxd4 Rg8 17. Rc1 Ke7 18. Rc3 f4 19. c5 e5 0-1

[Event "Brühler SK 1 - SG Niederkassel 1"]
[Site "NRW-Klasse. Gruppe 1 2017/201"]
[Date "2017.09.17"]
[Round "1.2"]
[White "Schiffer, Stefan"]
[Black "Wigger, Jochen"]
[Result "1-0"]
[WhiteElo "2229"]
[BlackElo "2246"]
[PlyCount "97"]
[EventDate "2017.??.??"]
[WhiteTeam "Brühler SK 1"]
[BlackTeam "SG Niederkassel 1"]

1. d4 d5 2. c4 c6 3. Nc3 Nf6 4. Nf3 a6 5. cxd5 cxd5 6. Bf4 Nc6 7. e3 Bg4 8. Be2
e6 9. O-O Bd6 10. Ne5 Bxe2 11. Nxe2 Bxe5 12. Bxe5 O-O 13. Qb3 b5 14. Bxf6 Qxf6
15. Rfc1 Rfc8 16. a4 b4 17. Rc5 Qe7 18. Rac1 Qb7 19. Nf4 Ne7 20. Nd3 a5 21. Qd1
Nf5 22. Qc2 Rd8 23. Rc7 Qa6 24. Ne5 Nd6 25. Qc6 g6 26. h4 Kg7 27. h5 gxh5 28.
Qc2 Rac8 29. Qd1 Qb6 30. Rxc8 Rxc8 31. Rxc8 Nxc8 32. Qxh5 Nd6 33. Qg5+ Kh8 34.
Qe7 Kg7 35. Nd7 Qc7 36. Qf8+ Kg6 37. Qg8+ Kh6 38. Ne5 f5 39. Qf8+ Kh5 40. Qf6
Qc1+ 41. Kh2 Qf1 42. Nf3 Ne4 43. Qf7+ Kh6 44. Qxe6+ Kg7 45. Qe7+ Kh6 46. Qf8+
Kg6 47. Ne5+ Kg5 48. Qg7+ Kh5 49. Qxh7+ 1-0

[Event "Brühler SK 1 - SG Niederkassel 1"]
[Site "NRW-Klasse. Gruppe 1 2017/201"]
[Date "2017.09.17"]
[Round "1.3"]
[White "Bussard, Christian"]
[Black "Keller, Thomas"]
[Result "1/2-1/2"]
[WhiteElo "2207"]
[BlackElo "2233"]
[PlyCount "28"]
[EventDate "2017.??.??"]
[WhiteTeam "SG Niederkassel 1"]
[BlackTeam "Brühler SK 1"]

1. c4 c6 2. d4 d5 3. Nc3 Nf6 4. Nf3 a6 5. e3 Bf5 6. Qb3 b5 7. cxd5 cxd5 8. Nh4
Bc8 9. Be2 Nc6 10. O-O e6 11. Nf3 Bd6 12. a4 b4 13. Nb1 O-O 14. Nbd2 Qe7
1/2-1/2

[Event "Brühler SK 1 - SG Niederkassel 1"]
[Site "NRW-Klasse. Gruppe 1 2017/201"]
[Date "2017.09.17"]
[Round "1.4"]
[White "Schaefer, Juergen"]
[Black "Schienmann, Bruno"]
[Result "1-0"]
[WhiteElo "2164"]
[BlackElo "2263"]
[PlyCount "107"]
[EventDate "2017.??.??"]
[WhiteTeam "Brühler SK 1"]
[BlackTeam "SG Niederkassel 1"]

1. e4 e6 2. d4 d5 3. Nc3 Bb4 4. exd5 exd5 5. Qf3 Ne7 6. a3 Ba5 7. Bd3 Be6 8. b4
Bb6 9. Nge2 c6 10. Na4 Nd7 11. Bf4 O-O 12. O-O Ng6 13. Nc5 Nxf4 14. Nxf4 Bxc5
15. bxc5 Qf6 16. c3 b6 17. cxb6 axb6 18. a4 Rfe8 19. Rfb1 g5 20. Nxe6 Qxf3 21.
Bxh7+ Kh8 22. gxf3 fxe6 23. Bg6 Rf8 24. Kg2 Rf6 25. Bh5 Kg7 26. Bg4 Kf7 27. Kg3
Ke7 28. h4 gxh4+ 29. Kxh4 Kd6 30. Kg3 Ra6 31. f4 Nf8 32. Be2 Ra7 33. Rxb6 Kc7
34. Rbb1 Ng6 35. Rh1 Kd6 36. Rh6 Rg7 37. Bg4 Nxf4 38. Rxf6 Nh5+ 39. Kh4 Nxf6
40. f3 e5 41. a5 e4 42. a6 exf3 43. Bxf3 Ra7 44. Kg5 Ne8 45. Be2 Re7 46. Bg4
Ra7 47. Kf4 Nc7 48. Be2 Ne6+ 49. Ke3 c5 50. Rh1 c4 51. Bg4 Ng7 52. Rh6+ Kc7 53.
Kf4 Ne8 54. Ke5 1-0

[Event "Brühler SK 1 - SG Niederkassel 1"]
[Site "NRW-Klasse. Gruppe 1 2017/201"]
[Date "2017.09.17"]
[Round "1.5"]
[White "Stanetzek, Carsten"]
[Black "Peters, Alex"]
[Result "1-0"]
[WhiteElo "2156"]
[BlackElo "2178"]
[PlyCount "35"]
[EventDate "2017.??.??"]
[WhiteTeam "SG Niederkassel 1"]
[BlackTeam "Brühler SK 1"]

1. e4 Nf6 2. e5 Nd5 3. d4 d6 4. c4 Nb6 5. exd6 exd6 6. Nc3 Nc6 7. Be2 Bf5 8. a3
Be7 9. Nf3 O-O 10. O-O Bf6 11. Be3 Re8 12. Rc1 Bg6 13. Qb3 Qd7 14. c5 dxc5 15.
dxc5 Bxc3 16. cxb6 Bf6 17. Rfd1 Qc8 18. Rxc6 1-0

[Event "Brühler SK 1 - SG Niederkassel 1"]
[Site "NRW-Klasse. Gruppe 1 2017/201"]
[Date "2017.09.17"]
[Round "1.6"]
[White "Gramb, Marius"]
[Black "Rybarczyk, Klaus"]
[Result "0-1"]
[WhiteElo "2075"]
[BlackElo "2154"]
[Annotator "Daniel"]
[PlyCount "70"]
[EventDate "2017.??.??"]
[WhiteTeam "Brühler SK 1"]
[BlackTeam "SG Niederkassel 1"]

1. d4 Nf6 2. c4 g6 3. g3 c5 4. d5 b5 5. cxb5 a6 6. Nc3 axb5 7. Nxb5 Qa5+ 8. Nc3
Bg7 9. Bg2 d6 10. Bd2 Qb6 11. Rb1 Bf5 12. e4 Bc8 13. Nge2 Ba6 14. Nc1 Nbd7 15.
Bf1 O-O 16. Bxa6 Qxa6 17. Qe2 Ne5 18. Qxa6 Nf3+ 19. Ke2 Nd4+ 20. Kf1 Rxa6 21.
Kg2 Rb8 22. Re1 $11 Nd7 23. f4 Nb6 24. N1e2 Nc4 25. Bc1 Nxe2 26. Nxe2 Na3 27.
bxa3 Rxb1 28. e5 Rxa3 29. exd6 exd6 30. Bxa3 Rxe1 31. Kf3 Rd1 32. Ke4 f5+ 33.
Ke3 Rxd5 34. Bc1 c4 35. Bd2 Rd3+ 0-1